| 000 | 00896nam a22002177i 4500 | ||
|---|---|---|---|
| 001 | 180104 | ||
| 003 | ES-MaACL | ||
| 005 | 20230906221011.0 | ||
| 008 | 120417s1948 sp |||| | spa d | ||
| 080 | _a821.134.2 Alemán, Mateo 7. Guzmán.06 | ||
| 100 | 1 |
_aMoreno Báez, Enrique. _983328 |
|
| 245 | 1 | 0 |
_aLección y sentido del Guzmán de Alfarache / _cpor Enrique Moreno Báez. |
| 260 |
_aMadrid : _bConsejo Superior de Investigaciones Científicas, Patronato "Menéndez Pelayo", Instituto "Miguel de Cervantes", _c1948 ( _fTip. Flo-Rez) |
||
| 300 |
_a189 p. ; _c25 cm. |
||
| 490 | 1 |
_aAnejos de "La Revista de Filología Española" ; _v40 |
|
| 600 | 1 | 4 |
_aAlemán, Mateo. _tGuzmán de Alfarache. _919716 |
| 710 | 2 |
_aInstituto "Miguel de Cervantes" _95133 |
|
| 830 | 0 |
_aAnejos de "La Revista de Filología Española" ; _v40 _9191161 |
|
| 852 |
_aES-MaACL _jE-15387 |
||
| 999 |
_c180104 _d180104 |
||